guess the descendants characters - Statistics

General Stats
  • This quiz has been taken 526 times
  • The average score is 14 of 17
Answer Stats
description name % Correct
loves fashion evie
99%
evies best friend mal
99%
used to be scared of dogs carlos
94%
son of jafar jay
94%
bens ex girlfriend audrey
92%
mals dad hades
91%
fairy god mother child jane
90%
she sang whats my name uma
90%
umas first mate harry
82%
king of auradon ben
81%
cinderellas son chad
81%
evie picked her to come to auradon dizzy
77%
evies boyfriend doug
74%
mulans daughter lonnie
73%
gastons son gil
70%
mal picked her to go to auradon celia
51%
sons of smee squeaky and squirmy
30%
No matching quizzes found
Score Distribution
Percent of People with Each Score
Percentile by Number Answered
Your Score History
You have not taken this quiz